00634nam a2200193 a 45000010005000000030009000050080041000140200015000550400028000700820017000981000029001152450035001442600037001793000017002166500040002339420012002739990017002859520138003026972CO-ViMGA141112s2004 ck r 000 u spa d a9504351042 aCO-ViMGAbspacCO-ViMGA04a346.016 B3771 aBettini, Antonio B9599710aIndisolubilidad del matrimonio aBuenos Aires : bDepalma, c1993 a516 p. 23 cm14aMATRIMONIO - ASPECTOS LEGALES95998 2ddccBK c18939d18939 00102ddc40708002aMEVIECARbMEVIECARd2015-12-04h11/jun/2009l0o346.016 B377 p6972r2015-12-04 00:00:00tEj. 1w2015-12-04yBK